000 00790nam a22002537a 4500
001 BR8706394
003 BR-BrBNA
005 20230928092732.0
007 ta
008 230509b bl.||||| |||| 00| 0 por d
040 _aBR-BrBNA
_bpor
_cBiblioteca Nacional de Agricultura
041 _a(Por)
072 _aE14; M10
_b/G514
090 _ E14 BR8706394
110 1 _aAssociacao de Credito e Assistencia Pesqueira de Santa Catarina, Florianopolis (Brasil)
_9414
245 1 _aProjeto: desenvolvimento pesqueiro. Subprojeto: valorizacao da pesca artesanal
260 3 _aFlorianopolis, SC (Brasil):
_c1979.
300 _a27 p.
500 _aNumerical data
650 _aPROJETO AGRICOLA
650 _aDESENVOLVIMENTO PESQUEIRO
909 _a202309
_bLucia
_c55
_dLucia Elande
942 _cBK
999 _c40888
_d40888